|
|
|
|
| LEADER |
00000cab a2200000 a 4500 |
| 001 |
vtls010667919 |
| 003 |
SK-MaSNL |
| 005 |
20260318114554.0 |
| 008 |
180405c2015 xo er p 000 c0ukr |
| 015 |
|
|
|a SNBRB2015/04
|
| 038 |
|
|
|a SVKPOCL
|
| 040 |
|
|
|a SVKPOCL
|b slo
|c SVKPOCL
|d SVKPOCL
|e AACR2
|
| 041 |
0 |
|
|a ukr
|
| 044 |
|
|
|a xo
|c SK
|
| 080 |
|
|
|a 80(=16)+908(4)
|2 2001
|
| 080 |
|
|
|a 80(=161.2)+908(437.6)
|2 2001
|
| 080 |
|
|
|a 316.022.4(=161.25)(73)
|2 2001
|
| 080 |
|
|
|a 94(100)"1939/1945"
|2 2001
|
| 080 |
|
|
|a 355.1-057.36-057.75
|2 2001
|
| 080 |
|
|
|a 929 Strenk, Michal
|2 2001
|
| 080 |
|
|
|a 791.43-92
|2 2001
|
| 080 |
|
|
|a (047)
|2 2001
|
| 100 |
1 |
|
|a Medviď, Peter,
|d 1981-
|4 aut
|9 268505
|
| 245 |
1 |
0 |
|a Premjeru mav film o Rusynovy Mychalovi Strenkovi
|c Petro Medviď
|
| 300 |
|
|
|b Fotogr.
|
| 500 |
|
|
|a Medvid', Petro pozri Madviď, Peter
|
| 500 |
|
|
|a Strenk, Michal pozri aj Strank, Michael
|
| 600 |
1 |
7 |
|a Strenk, Michal,
|d 1919-1945
|2 svkpocl
|9 59439
|
| 630 |
0 |
7 |
|a Our Flag Still Waves (film)
|2 svkpocl
|9 1613788
|
| 648 |
|
7 |
|a 23.2.2015
|2 svkpocl
|9 1338871
|
| 650 |
0 |
7 |
|a Rusíni
|z Slovensko
|2 svkpocl
|9 336690
|
| 650 |
0 |
7 |
|a rusinistika
|2 svkpocl
|9 90871
|
| 650 |
0 |
7 |
|a slavistika
|2 svkpocl
|9 4282
|
| 650 |
0 |
7 |
|a druhá svetová vojna (1939-1945)
|2 svkpocl
|9 169657
|
| 650 |
0 |
7 |
|a vojnoví veteráni
|2 svkpocl
|9 90923
|
| 650 |
0 |
7 |
|a dokumentárne filmy
|2 svkpocl
|9 3400
|
| 651 |
|
7 |
|a Jarabina (Slovensko)
|x rodisko
|2 svkpocl
|9 1034702
|
| 651 |
|
7 |
|a Stará Ľubovňa (Slovensko : okres)
|2 svkpocl
|9 19196
|
| 651 |
|
7 |
|a Spojené štáty americké
|2 svkpocl
|9 18262
|
| 655 |
|
7 |
|a správy
|2 svkpocl
|9 70563
|
| 773 |
0 |
|
|t Info Rusyn
|g Roč. XII , č. 3 (2015), s. 6 a 7
|
| 852 |
|
|
|a SVKPO
|b KIS3GCP
|
| 856 |
4 |
1 |
|u www.rusyn.sk
|
| 958 |
|
|
|a RN
|
| 958 |
|
|
|a BC
|
| 958 |
|
|
|a SK
|
| 958 |
|
|
|a US
|
| 958 |
|
|
|a SS
|
| 999 |
|
|
|c 3324039
|d 3325969
|